[Event "ODJM B 2024"]
[Site "Willingen GER"]
[Date "2024.05.22"]
[Round "5"]
[White "Schmidt, Jan"]
[Black "Barsov, Vladislav"]
[Result "1/2-1/2"]
[Termination "normal"]
[Board "23"]
[WhiteElo "1663"]
[BlackElo "1893"]
[WhiteClock "00:04:48"]
[BlackClock "00:01:11"]
[PlyCount "75"]
[WhiteFideId "34625682"]
[BlackFideId "34613757"]
[EventCountry "GER"]
[EventRounds "9"]
[EventType "swiss"]
[EventDate "2024.05.18"]

1. c4 {[%clk 01:30:59]} {[%emt 00:00:01]} g6 {[%clk 01:30:55]} {[%emt
00:00:05]} 2. Nf3 {[%clk 01:31:17]} {[%emt 00:00:11]} Bg7 {[%clk 01:31:19]}
{[%emt 00:00:07]} 3. g3 {[%clk 01:27:33]} {[%emt 00:04:14]} c5 {[%clk
01:31:31]} {[%emt 00:00:17]} 4. Bg2 {[%clk 01:26:51]} {[%emt 00:01:13]} d6
{[%clk 01:31:56]} {[%emt 00:00:05]} 5. Nc3 {[%clk 01:25:57]} {[%emt 00:01:24]}
Nc6 {[%clk 01:32:20]} {[%emt 00:00:06]} 6. O-O {[%clk 01:23:57]} {[%emt
00:02:30]} e5 {[%clk 01:32:41]} {[%emt 00:00:08]} 7. d3 {[%clk 01:22:55]}
{[%emt 00:01:32]} Nge7 {[%clk 01:32:48]} {[%emt 00:00:23]} 8. Ne1 {[%clk
01:16:46]} {[%emt 00:06:40]} O-O {[%clk 01:32:51]} {[%emt 00:00:26]} 9. Nc2
{[%clk 01:16:36]} {[%emt 00:00:41]} f5 {[%clk 01:32:41]} {[%emt 00:00:40]} 10.
Rb1 {[%clk 01:12:55]} {[%emt 00:04:11]} a5 {[%clk 01:30:53]} {[%emt 00:02:18]}
11. Ne3 {[%clk 01:06:01]} {[%emt 00:07:24]} h6 {[%clk 01:28:40]} {[%emt
00:02:43]} 12. Ned5 {[%clk 01:04:10]} {[%emt 00:02:21]} Kh7 {[%clk 01:26:26]}
{[%emt 00:02:43]} 13. f4 {[%clk 01:00:12]} {[%emt 00:04:29]} Nxd5 {[%clk
01:19:13]} {[%emt 00:07:43]} 14. Nxd5 {[%clk 00:59:53]} {[%emt 00:00:48]} Ne7
{[%clk 01:14:03]} {[%emt 00:05:40]} 15. Nxe7 {[%clk 00:58:14]} {[%emt
00:02:08]} Qxe7 {[%clk 01:12:53]} {[%emt 00:01:42]} 16. e4 {[%clk 00:51:45]}
{[%emt 00:06:59]} Rb8 {[%clk 01:10:30]} {[%emt 00:02:52]} 17. a4 {[%clk
00:51:18]} {[%emt 00:00:57]} b6 {[%clk 01:08:04]} {[%emt 00:02:56]} 18. Qc2
{[%clk 00:47:41]} {[%emt 00:04:08]} Bb7 {[%emt 00:05:02]} 19. Bd2 {[%clk
00:46:51]} fxe4 {[%clk 01:02:34]} {[%emt 00:02:47]} 20. dxe4 {[%clk 00:44:16]}
{[%emt 00:03:05]} exf4 {[%clk 01:02:09]} {[%emt 00:00:55]} 21. gxf4 {[%clk
00:44:00]} {[%emt 00:00:47]} Bd4+ {[%clk 01:01:48]} {[%emt 00:00:50]} 22. Kh1
{[%clk 00:43:47]} {[%emt 00:00:43]} Rbe8 {[%clk 01:00:14]} {[%emt 00:02:04]}
23. Rbe1 {[%clk 00:43:08]} {[%emt 00:01:09]} Qh4 {[%clk 00:59:51]} {[%emt
00:00:52]} 24. Qb3 {[%clk 00:39:21]} {[%emt 00:04:19]} Bc8 {[%clk 00:43:51]}
{[%emt 00:16:29]} 25. Qg3 {[%clk 00:32:59]} {[%emt 00:06:53]} Qxg3 {[%clk
00:44:06]} {[%emt 00:00:15]} 26. hxg3 {[%clk 00:33:22]} {[%emt 00:00:07]} Bb7
{[%clk 00:42:09]} {[%emt 00:02:25]} 27. b3 {[%clk 00:32:30]} {[%emt 00:01:23]}
Rf6 {[%clk 00:39:14]} {[%emt 00:03:24]} 28. Re2 {[%clk 00:28:52]} {[%emt
00:04:09]} Rf5 {[%clk 00:27:43]} {[%emt 00:12:01]} 29. g4 {[%clk 00:15:55]}
{[%emt 00:13:28]} Rff8 {[%clk 00:23:42]} {[%emt 00:04:30]} 30. Kh2 {[%clk
00:14:42]} {[%emt 00:01:43]} Bc8 {[%clk 00:19:32]} {[%emt 00:04:40]} 31. Bf3
{[%clk 00:11:48]} {[%emt 00:03:23]} Bb7 {[%clk 00:12:41]} {[%emt 00:07:22]} 32.
Rfe1 {[%clk 00:08:53]} {[%emt 00:03:26]} Rf7 {[%clk 00:08:47]} {[%emt
00:04:20]} 33. Kg3 {[%clk 00:06:30]} {[%emt 00:02:56]} Ref8 {[%clk 00:08:12]}
{[%emt 00:01:04]} 34. Rf1 {[%clk 00:05:08]} {[%emt 00:01:53]} Rg7 {[%clk
00:05:09]} {[%emt 00:03:33]} 35. Rh1 {[%clk 00:05:05]} {[%emt 00:00:33]} g5
{[%clk 00:00:32]} {[%emt 00:05:07]} 36. f5 {[%clk 00:05:16]} {[%emt 00:00:20]}
Be5+ {[%clk 00:00:54]} {[%emt 00:00:08]} 37. Kf2 {[%clk 00:04:56]} {[%emt
00:00:49]} Rf6 {[%clk 00:01:11]} {[%emt 00:00:14]} 38. Kg2 {[%clk 00:04:48]}
{[%emt 00:00:37]} 1/2-1/2

[Event "ODJM B 2024"]
[Site "Willingen GER"]
[Date "2024.05.22"]
[Round "5"]
[White "Tulchynsky, Mark"]
[Black "Ott, Claudius"]
[Result "1/2-1/2"]
[Termination "normal"]
[Board "24"]
[WhiteElo "1828"]
[BlackElo "1674"]
[WhiteClock "00:08:04"]
[BlackClock "00:27:38"]
[PlyCount "59"]
[WhiteFideId "34617698"]
[BlackFideId "34621024"]
[EventCountry "GER"]
[EventRounds "9"]
[EventType "swiss"]
[EventDate "2024.05.18"]

1. e4 {[%clk 01:30:58]} {[%emt 00:00:01]} c5 {[%clk 01:30:25]} {[%emt
00:00:35]} 2. Nc3 {[%clk 01:31:20]} {[%emt 00:00:08]} g6 {[%clk 01:30:44]}
{[%emt 00:00:11]} 3. f4 {[%clk 01:31:46]} {[%emt 00:00:04]} Bg7 {[%clk
01:31:04]} {[%emt 00:00:11]} 4. Nf3 {[%clk 01:32:10]} {[%emt 00:00:06]} d6
{[%clk 01:31:21]} {[%emt 00:00:12]} 5. g3 {[%clk 01:32:03]} {[%emt 00:00:37]}
Nc6 {[%clk 01:31:33]} {[%emt 00:00:19]} 6. Bg2 {[%clk 01:32:27]} {[%emt
00:00:07]} Nf6 {[%clk 01:31:30]} {[%emt 00:00:32]} 7. O-O {[%clk 01:32:32]}
{[%emt 00:00:24]} O-O {[%clk 01:31:18]} {[%emt 00:00:43]} 8. d3 {[%clk
01:32:59]} {[%emt 00:00:03]} Bd7 {[%clk 01:30:19]} {[%emt 00:01:29]} 9. h3
{[%clk 01:33:05]} {[%emt 00:00:24]} e5 {[%clk 01:28:13]} {[%emt 00:02:36]} 10.
g4 {[%clk 01:02:08]} {[%emt 00:31:26]} exf4 {[%clk 01:24:06]} {[%emt 00:04:38]}
11. Bxf4 {[%clk 01:02:20]} {[%emt 00:00:18]} Be6 {[%clk 01:24:23]} {[%emt
00:00:13]} 12. Qd2 {[%clk 00:50:19]} {[%emt 00:12:32]} d5 {[%clk 01:14:06]}
{[%emt 00:10:46]} 13. exd5 {[%clk 00:35:32]} {[%emt 00:15:17]} Nxd5 {[%clk
01:11:04]} {[%emt 00:03:32]} 14. Nxd5 {[%clk 00:35:32]} {[%emt 00:00:30]} Bxd5
{[%clk 01:10:50]} {[%emt 00:00:44]} 15. c3 {[%clk 00:35:32]} {[%emt 00:00:30]}
f5 {[%clk 00:57:25]} {[%emt 00:13:53]} 16. g5 {[%clk 00:24:23]} {[%emt
00:11:41]} Re8 {[%clk 00:51:22]} {[%emt 00:06:33]} 17. Rfe1 {[%clk 00:23:54]}
{[%emt 00:00:59]} Rxe1+ {[%clk 00:49:56]} {[%emt 00:01:56]} 18. Rxe1 {[%clk
00:23:09]} {[%emt 00:01:14]} Bxa2 {[%clk 00:49:43]} {[%emt 00:00:44]} 19. b4
{[%clk 00:23:20]} {[%emt 00:00:19]} Bf7 {[%clk 00:49:37]} {[%emt 00:00:36]} 20.
bxc5 {[%clk 00:23:36]} {[%emt 00:00:13]} a5 {[%clk 00:46:44]} {[%emt 00:03:23]}
21. Bd6 {[%clk 00:19:48]} {[%emt 00:04:19]} a4 {[%clk 00:43:47]} {[%emt
00:03:27]} 22. d4 {[%clk 00:16:42]} {[%emt 00:03:36]} a3 {[%clk 00:41:37]}
{[%emt 00:02:40]} 23. Ra1 {[%clk 00:14:25]} {[%emt 00:02:47]} Qa5 {[%clk
00:38:26]} {[%emt 00:03:41]} 24. Ne5 {[%clk 00:10:32]} {[%emt 00:04:22]} Bxe5
{[%clk 00:34:01]} {[%emt 00:04:56]} 25. dxe5 {[%clk 00:10:50]} {[%emt
00:00:12]} a2 {[%clk 00:33:45]} {[%emt 00:00:45]} 26. Bd5 {[%clk 00:10:46]}
{[%emt 00:00:34]} Bxd5 {[%clk 00:29:07]} {[%emt 00:05:08]} 27. Qxd5+ {[%clk
00:11:15]} {[%emt 00:00:02]} Kg7 {[%clk 00:28:49]} {[%emt 00:00:47]} 28. Qe6
{[%clk 00:09:18]} {[%emt 00:02:27]} Qxc3 {[%clk 00:27:17]} {[%emt 00:02:02]}
29. Qf6+ {[%clk 00:09:05]} {[%emt 00:00:43]} Kg8 {[%clk 00:27:38]} {[%emt
00:00:09]} 30. Qe6+ {[%clk 00:08:04]} {[%emt 00:01:31]} 1/2-1/2

[Event "ODJM B 2024"]
[Site "Willingen GER"]
[Date "2024.05.22"]
[Round "5"]
[White "Göb, Franziska"]
[Black "Uhlmann, Jonas"]
[Result "0-1"]
[Termination "normal"]
[Board "25"]
[WhiteElo "1602"]
[BlackElo "1842"]
[WhiteClock "00:32:41"]
[BlackClock "01:33:31"]
[PlyCount "104"]
[WhiteFideId "16293177"]
[BlackFideId "16258576"]
[EventCountry "GER"]
[EventRounds "9"]
[EventType "swiss"]
[EventDate "2024.05.18"]

1. e4 {[%clk 01:30:59]} {[%emt 00:00:01]} c5 {[%clk 01:30:56]} {[%emt
00:00:04]} 2. Nf3 {[%clk 01:31:22]} {[%emt 00:00:06]} g6 {[%clk 01:31:22]}
{[%emt 00:00:04]} 3. c4 {[%clk 01:28:51]} {[%emt 00:03:02]} Bg7 {[%clk
01:31:45]} {[%emt 00:00:06]} 4. Nc3 {[%clk 01:28:46]} {[%emt 00:00:36]} e6
{[%clk 01:32:01]} {[%emt 00:00:14]} 5. Be2 {[%clk 01:28:21]} {[%emt 00:00:54]}
Ne7 {[%clk 01:32:24]} {[%emt 00:00:08]} 6. O-O {[%clk 01:27:16]} {[%emt
00:01:35]} Nbc6 {[%clk 01:32:47]} {[%emt 00:00:07]} 7. d3 {[%clk 01:24:58]}
{[%emt 00:02:48]} O-O {[%clk 01:31:34]} {[%emt 00:01:43]} 8. Be3 {[%clk
01:20:56]} {[%emt 00:04:32]} b6 {[%clk 01:31:53]} {[%emt 00:00:11]} 9. d4
{[%clk 01:07:16]} {[%emt 00:14:10]} cxd4 {[%emt 00:01:20]} 10. Nxd4 {[%clk
01:06:22]} {[%emt 00:01:21]} f5 {[%clk 01:26:12]} {[%emt 00:05:24]} 11. exf5
{[%clk 00:57:44]} {[%emt 00:09:08]} Nxf5 {[%clk 01:23:29]} {[%emt 00:03:13]}
12. Nxf5 {[%clk 00:56:33]} {[%emt 00:01:41]} gxf5 {[%clk 01:22:49]} {[%emt
00:01:10]} 13. Qd2 {[%clk 00:47:59]} {[%emt 00:09:04]} Qf6 {[%clk 01:17:23]}
{[%emt 00:05:56]} 14. f4 {[%clk 00:38:27]} {[%emt 00:10:02]} Nd4 {[%clk
01:14:42]} {[%emt 00:03:11]} 15. Bxd4 {[%clk 00:32:53]} {[%emt 00:06:04]} Qxd4+
{[%clk 01:15:04]} {[%emt 00:00:08]} 16. Qxd4 {[%clk 00:33:15]} {[%emt
00:00:07]} Bxd4+ {[%clk 01:15:28]} {[%emt 00:00:06]} 17. Kh1 {[%clk 00:33:34]}
{[%emt 00:00:11]} Bxc3 {[%clk 01:12:58]} {[%emt 00:03:01]} 18. bxc3 {[%clk
00:33:37]} {[%emt 00:00:27]} Ba6 {[%clk 01:13:18]} {[%emt 00:00:11]} 19. Rfe1
{[%clk 00:28:16]} {[%emt 00:05:51]} Rac8 {[%clk 01:07:25]} {[%emt 00:06:22]}
20. Rad1 {[%clk 00:25:00]} {[%emt 00:03:45]} Rfd8 {[%clk 01:07:25]} {[%emt
00:00:31]} 21. Rd4 {[%clk 00:21:13]} {[%emt 00:04:17]} Kf7 {[%clk 01:05:08]}
{[%emt 00:02:46]} 22. Kg1 {[%clk 00:16:46]} {[%emt 00:04:58]} Rc5 {[%clk
01:04:17]} {[%emt 00:01:21]} 23. Kf2 {[%clk 00:15:32]} {[%emt 00:01:43]} Ra5
{[%clk 01:04:06]} {[%emt 00:00:42]} 24. Red1 {[%clk 00:15:03]} {[%emt
00:00:59]} Ke7 {[%clk 01:04:26]} {[%emt 00:00:10]} 25. R1d2 {[%clk 00:14:59]}
{[%emt 00:00:34]} Ra3 {[%clk 01:03:57]} {[%emt 00:00:59]} 26. Rc2 {[%clk
00:14:17]} {[%emt 00:01:12]} Bb7 {[%clk 01:02:54]} {[%emt 00:01:33]} 27. Bf3
{[%clk 00:12:19]} {[%emt 00:02:28]} Bxf3 {[%clk 01:03:00]} {[%emt 00:00:24]}
28. Kxf3 {[%clk 00:12:44]} {[%emt 00:00:05]} Rc8 {[%clk 01:03:18]} {[%emt
00:00:12]} 29. Ke2 {[%clk 00:12:16]} {[%emt 00:00:58]} Rc5 {[%clk 01:02:45]}
{[%emt 00:01:02]} 30. Rcd2 {[%clk 00:10:20]} {[%emt 00:02:27]} Rc7 {[%clk
01:03:00]} {[%emt 00:00:16]} 31. Rc2 {[%clk 00:10:01]} {[%emt 00:00:48]} d6
{[%clk 01:02:38]} {[%emt 00:00:51]} 32. Kd2 {[%clk 00:08:27]} {[%emt 00:02:05]}
e5 {[%clk 01:02:10]} {[%emt 00:00:57]} 33. fxe5 {[%clk 00:08:11]} {[%emt
00:00:47]} dxe5 {[%clk 01:02:32]} {[%emt 00:00:08]} 34. Rh4 {[%clk 00:07:56]}
{[%emt 00:00:44]} Kf6 {[%clk 01:02:03]} {[%emt 00:00:59]} 35. Rh3 {[%clk
00:06:40]} {[%emt 00:01:47]} Ra4 {[%clk 01:02:11]} {[%emt 00:00:22]} 36. Rh6+
{[%clk 00:06:23]} {[%emt 00:00:47]} Kg5 {[%clk 01:02:25]} {[%emt 00:00:15]} 37.
Re6 {[%clk 00:06:29]} {[%emt 00:00:24]} e4 {[%clk 01:02:48]} {[%emt 00:00:07]}
38. Re5 {[%clk 00:06:36]} {[%emt 00:00:23]} Kf4 {[%clk 01:02:48]} {[%emt
00:00:31]} 39. Re6 {[%clk 00:06:47]} {[%emt 00:00:19]} Raxc4 {[%clk 01:02:40]}
{[%emt 00:00:38]} 40. g3+ {[%clk 00:06:06]} {[%emt 00:01:11]} Kf3 {[%clk
01:02:35]} {[%emt 00:00:35]} 41. Re5 {[%clk 00:06:01]} {[%emt 00:00:34]} R7c5
{[%clk 01:02:10]} {[%emt 00:00:57]} 42. Re7 {[%clk 00:04:56]} {[%emt 00:01:33]}
a5 {[%clk 01:02:06]} {[%emt 00:00:35]} 43. Re6 {[%clk 00:00:45]} {[%emt
00:04:41]} b5 {[%clk 01:00:37]} {[%emt 00:01:59]} 44. a3 {[%clk 00:30:09]}
{[%emt 00:01:06]} b4 {[%clk 01:31:00]} {[%emt 00:00:06]} 45. axb4 {[%clk
00:30:35]} {[%emt 00:00:05]} axb4 {[%clk 01:31:27]} {[%emt 00:00:03]} 46. Kd1
{[%clk 00:30:49]} {[%emt 00:00:16]} Rxc3 {[%clk 01:31:40]} {[%emt 00:00:17]}
47. Rxc3+ {[%clk 00:31:10]} {[%emt 00:00:09]} bxc3 {[%clk 01:31:51]} {[%emt
00:00:19]} 48. Kc2 {[%clk 00:31:35]} {[%emt 00:00:04]} e3 {[%clk 01:32:16]}
{[%emt 00:00:06]} 49. Re7 {[%clk 00:31:47]} {[%emt 00:00:17]} e2 {[%clk
01:32:34]} {[%emt 00:00:12]} 50. Re6 {[%clk 00:32:05]} {[%emt 00:00:13]} Kf2
{[%clk 01:32:52]} {[%emt 00:00:12]} 51. Re7 {[%clk 00:32:24]} {[%emt 00:00:11]}
e1=Q {[%clk 01:33:04]} {[%emt 00:00:17]} 52. Rxe1 {[%clk 00:32:41]} {[%emt
00:00:13]} Kxe1 {[%clk 01:33:31]} {[%emt 00:00:04]} 0-1

[Event "ODJM B 2024"]
[Site "Willingen GER"]
[Date "2024.05.22"]
[Round "5"]
[White "Törpel, Cedrik"]
[Black "Klein, Tristan"]
[Result "1-0"]
[Termination "normal"]
[Board "26"]
[WhiteElo "1779"]
[BlackElo "1701"]
[WhiteClock "00:08:21"]
[BlackClock "00:23:01"]
[PlyCount "63"]
[WhiteFideId "34660380"]
[BlackFideId "34621210"]
[EventCountry "GER"]
[EventRounds "9"]
[EventType "swiss"]
[EventDate "2024.05.18"]

1. d4 {[%clk 01:30:58]} {[%emt 00:00:01]} c5 {[%clk 01:30:36]} {[%emt
00:00:25]} 2. d5 {[%clk 01:30:12]} {[%emt 00:01:15]} e6 {[%clk 01:30:55]}
{[%emt 00:00:11]} 3. c4 {[%clk 01:30:14]} {[%emt 00:00:28]} exd5 {[%clk
01:31:12]} {[%emt 00:00:14]} 4. cxd5 {[%clk 01:28:51]} {[%emt 00:01:52]} d6
{[%clk 01:31:25]} {[%emt 00:00:17]} 5. e4 {[%clk 01:27:08]} {[%emt 00:02:13]}
g6 {[%emt 00:01:28]} 6. Nc3 {[%clk 01:24:03]} {[%emt 00:02:25]} Bg7 {[%clk
01:31:00]} {[%emt 00:01:07]} 7. Nf3 {[%clk 01:21:55]} {[%emt 00:02:38]} a6
{[%clk 01:30:09]} {[%emt 00:01:22]} 8. a4 {[%clk 01:19:58]} {[%emt 00:02:26]}
Bg4 {[%clk 01:30:12]} {[%emt 00:00:26]} 9. h3 {[%clk 01:17:10]} {[%emt
00:03:20]} Bxf3 {[%clk 01:30:35]} {[%emt 00:00:07]} 10. Qxf3 {[%clk 01:17:25]}
{[%emt 00:00:14]} Nf6 {[%clk 01:30:17]} {[%emt 00:00:47]} 11. Bd3 {[%clk
01:13:31]} {[%emt 00:04:25]} Nbd7 {[%clk 01:29:24]} {[%emt 00:01:23]} 12. Bf4
{[%clk 01:12:25]} {[%emt 00:01:35]} Qe7 {[%clk 01:29:33]} {[%emt 00:00:20]} 13.
O-O {[%clk 01:11:15]} {[%emt 00:01:42]} O-O {[%clk 01:29:33]} {[%emt 00:00:29]}
14. Qg3 {[%clk 01:02:22]} {[%emt 00:09:24]} Ne8 {[%clk 01:28:25]} {[%emt
00:01:38]} 15. Rfe1 {[%clk 00:50:56]} {[%emt 00:11:57]} Ne5 {[%clk 01:25:24]}
{[%emt 00:03:30]} 16. Kh1 {[%clk 00:45:34]} {[%emt 00:05:52]} Nc7 {[%clk
01:25:14]} {[%emt 00:00:40]} 17. Bg5 {[%clk 00:41:56]} {[%emt 00:04:08]} f6
{[%clk 01:24:29]} {[%emt 00:01:15]} 18. Bd2 {[%clk 00:41:49]} {[%emt 00:00:37]}
c4 {[%clk 01:22:09]} {[%emt 00:02:50]} 19. Bc2 {[%clk 00:39:11]} {[%emt
00:03:08]} g5 {[%clk 01:20:12]} {[%emt 00:02:27]} 20. Ne2 {[%clk 00:36:45]}
{[%emt 00:02:56]} b5 {[%clk 01:17:23]} {[%emt 00:03:19]} 21. Nd4 {[%clk
00:36:02]} {[%emt 00:01:13]} Rab8 {[%clk 01:01:17]} {[%emt 00:16:36]} 22. f4
{[%clk 00:32:46]} {[%emt 00:03:46]} gxf4 {[%clk 00:55:21]} {[%emt 00:06:27]}
23. Bxf4 {[%clk 00:32:16]} {[%emt 00:00:59]} Ne8 {[%clk 00:50:42]} {[%emt
00:05:09]} 24. axb5 {[%clk 00:24:48]} {[%emt 00:07:58]} axb5 {[%clk 00:49:47]}
{[%emt 00:01:25]} 25. Ra6 {[%clk 00:22:27]} {[%emt 00:02:51]} Qf7 {[%clk
00:42:24]} {[%emt 00:07:50]} 26. Ne6 {[%clk 00:19:56]} {[%emt 00:03:03]} Qb7
{[%clk 00:34:54]} {[%emt 00:08:00]} 27. Rea1 {[%clk 00:18:50]} {[%emt
00:01:37]} Rf7 {[%clk 00:34:13]} {[%emt 00:01:10]} 28. Be3 {[%clk 00:17:19]}
{[%emt 00:02:01]} Qc8 {[%clk 00:28:36]} {[%emt 00:06:07]} 29. Bh6 {[%clk
00:11:40]} {[%emt 00:06:10]} Qb7 {[%clk 00:25:27]} {[%emt 00:03:39]} 30. Bxg7
{[%clk 00:10:11]} {[%emt 00:01:59]} Nxg7 {[%clk 00:24:59]} {[%emt 00:00:58]}
31. Rxd6 {[%clk 00:10:05]} {[%emt 00:00:35]} Kh8 {[%clk 00:23:01]} {[%emt
00:02:28]} 32. Nd8 {[%clk 00:08:21]} 1-0

[Event "ODJM B 2024"]
[Site "Willingen GER"]
[Date "2024.05.22"]
[Round "5"]
[White "Wolterink, Jule"]
[Black "He, Saiqi"]
[Result "0-1"]
[Termination "normal"]
[Board "27"]
[WhiteElo "1728"]
[BlackElo "1659"]
[WhiteClock "00:27:31"]
[BlackClock "00:31:42"]
[PlyCount "48"]
[WhiteFideId "12981206"]
[BlackFideId "16292723"]
[EventCountry "GER"]
[EventRounds "9"]
[EventType "swiss"]
[EventDate "2024.05.18"]

1. d4 {[%clk 01:30:58]} {[%emt 00:00:02]} d5 {[%clk 01:30:56]} {[%emt
00:00:04]} 2. Nf3 {[%clk 01:31:26]} {[%emt 00:00:02]} Nf6 {[%clk 01:31:21]}
{[%emt 00:00:05]} 3. c3 {[%clk 01:31:54]} {[%emt 00:00:02]} e6 {[%clk
01:31:00]} {[%emt 00:00:52]} 4. Bf4 {[%clk 01:32:19]} {[%emt 00:00:04]} Bd6
{[%clk 01:30:56]} {[%emt 00:00:34]} 5. e3 {[%clk 01:32:33]} {[%emt 00:00:16]}
Bxf4 {[%clk 01:31:01]} {[%emt 00:00:25]} 6. exf4 {[%emt 00:00:13]} O-O {[%clk
01:31:17]} 7. Bd3 {[%clk 01:33:20]} {[%emt 00:00:13]} c5 {[%clk 01:31:07]}
{[%emt 00:00:40]} 8. O-O {[%clk 01:32:30]} {[%emt 00:01:20]} Qc7 {[%emt
00:03:32]} 9. g3 {[%clk 01:31:10]} {[%emt 00:00:48]} a6 {[%clk 01:17:44]}
{[%emt 00:11:52]} 10. Re1 {[%clk 01:22:41]} {[%emt 00:09:00]} h6 {[%clk
01:10:22]} {[%emt 00:07:52]} 11. Nbd2 {[%clk 01:21:54]} {[%emt 00:01:17]} cxd4
{[%clk 01:03:05]} {[%emt 00:07:48]} 12. Nxd4 {[%clk 01:21:19]} {[%emt
00:01:05]} Nbd7 {[%clk 00:51:33]} {[%emt 00:12:01]} 13. N2f3 {[%clk 01:19:14]}
{[%emt 00:02:35]} Nc5 {[%clk 00:51:02]} {[%emt 00:01:01]} 14. Bf1 {[%clk
01:15:10]} {[%emt 00:04:34]} Nfe4 {[%clk 00:47:56]} {[%emt 00:03:36]} 15. Bh3
{[%clk 01:00:19]} {[%emt 00:15:22]} Re8 {[%clk 00:42:44]} {[%emt 00:05:41]} 16.
Ne5 {[%clk 00:52:54]} {[%emt 00:07:56]} Nf6 {[%clk 00:38:02]} {[%emt 00:05:11]}
17. g4 {[%clk 00:46:44]} {[%emt 00:06:41]} Nfd7 {[%clk 00:32:26]} {[%emt
00:06:05]} 18. g5 {[%clk 00:36:24]} {[%emt 00:10:51]} Nxe5 {[%clk 00:31:17]}
{[%emt 00:01:37]} 19. fxe5 {[%clk 00:36:04]} {[%emt 00:00:52]} Qd8 {[%clk
00:30:52]} {[%emt 00:00:55]} 20. gxh6 {[%clk 00:33:21]} {[%emt 00:03:13]} Qg5+
{[%clk 00:30:56]} {[%emt 00:00:25]} 21. Kh1 {[%clk 00:33:29]} {[%emt 00:00:22]}
Qxh6 {[%clk 00:31:08]} {[%emt 00:00:18]} 22. Qf3 {[%clk 00:33:07]} {[%emt
00:00:53]} Ne4 {[%clk 00:31:01]} {[%emt 00:00:36]} 23. Rxe4 {[%clk 00:27:02]}
{[%emt 00:06:36]} dxe4 {[%clk 00:31:14]} {[%emt 00:00:16]} 24. Qxe4 {[%clk
00:27:31]} Qxh3 {[%clk 00:31:42]} {[%emt 00:00:02]} 0-1